Loading...
| Philosophy | 0 | 7 | 1 | 0 | 65 | 30 | 54.43 | 5 | 6 | 31.25 | 51.57 |
| Literature - American | 0 | 3 | 0 | 0 | 30 | 55 | 92.33 | 0 | 2 | 8.01 | 16.30 |
| Literature - World | 0 | 3 | 0 | 0 | 30 | 70 | 80.67 | 2 | 3 | 10.57 | 20.83 |
| Literature - British | 0 | 3 | 1 | 0 | 25 | 38 | 68.67 | 0 | 3 | 13.02 | 21.39 |
| Fine Arts - Other | 0 | 2 | 0 | 0 | 20 | 58 | 77.00 | 2 | 2 | 6.98 | 16.67 |
| Social Science | 0 | 1 | 0 | 0 | 10 | 70 | 70.00 | 0 | 0 | 3.03 | 3.33 |
| History - Other | 0 | 1 | 0 | 0 | 10 | 80 | 80.00 | 0 | 1 | 2.82 | 7.50 |
| History - World | 0 | 1 | 0 | 0 | 10 | 101 | 101.00 | 0 | 1 | 1.96 | 6.94 |
| Literature - European | 0 | 2 | 2 | 0 | 10 | 90 | 90.50 | 0 | 1 | 5.48 | 11.81 |
| Other Academic | 0 | 1 | 0 | 0 | 10 | 87 | 87.00 | 1 | 1 | 8.76 | 33.33 |
| Fine Arts - Classical Music | 0 | 1 | 0 | 0 | 10 | 125 | 125.00 | 0 | 0 | 0.38 | 3.33 |
| Fine Arts - Painting and Sculpture | 0 | 1 | 1 | 0 | 5 | 97 | 97.00 | 0 | 0 | 2.43 | 4.63 |
| Mythology | 0 | 0 | 1 | 0 | -5 | 0.00 | 0 | 0 | 0.00 | 0.00 |